[Event "13th PKWN Festival it"]
[Site "Lublin POL"]
[Date "1977.07.??"]
[Round "13"]
[White "Sznapik, Aleksander"]
[WhiteElo "2405"]
[Black "Witkowski, Stefan"]
[BlackElo "2340"]
[Result "1/2-1/2"]
[EventDate "1977.07.14"]
[PlyCount "34"]

1.d4 Nf6 2.c4 g6 3.Nc3 d5 4.cxd5 Nxd5 5.e4 Nxc3 6.bxc3 Bg7 7.Bc4 c5 8.Ne2
cxd4 9.cxd4 Nc6 10.Be3 b5 11.Bxb5 Qa5+ 12.Nc3 Qxc3+ 13.Bd2 Qxd4 14.Bxc6+
Bd7 15.Bxa8 Qxa1 16.Qxa1 Bxa1 17.O-O O-O 1/2-1/2